00665nam a22001937a 450000500170000001000260001702000110004303500230005403700130007708200130009010000270010324501660013025000180029626000460031427000490036030000220040965000170043165000230044820230614102753.0 aENG-100256 ENG-137132 c185.00 aEN-83788 EN-120664 bDBAD/PUB a347.4206 aJhabvala, Noshirvan H. aThe Indian evidence act (act 1 of 1872) :bas amended by the information technology act 2000 & the criminal law (amendent) act, 2005 /cby Noshirvan H. Jhabvala a25th rev. ed. aMumbaibEductional & Law Publishersc2008 a146-C, Shamaldas Gandhi MargbMumbaie400002 a232p.c24cm (pbk) aEvidence Law aCriminal Procedure